|
|
|
|
| LEADER |
00000nam a22000007a 4500 |
| 005 |
20220816232943.0 |
| 007 |
cr|||| |||| |
| 008 |
220816s2021 es |||||s|||| 00||0 spa d |
| 020 |
|
|
|a 978-84-1377-782-5
|
| 035 |
|
|
|a 36503
|
| 040 |
|
|
|a vLex
|
| 090 |
|
|
|c 13703
|d 13703
|
| 100 |
1 |
|
|a Bernal-Bravo, Cšar
|
| 245 |
1 |
2 |
|a La educacin̤ y la justicia
|h [Recurso electrn̤ico] :
|b una mirada para la formacin̤ inicial de docentes /
|c Cšar Bernal-Bravo, Sara Arrazola Ruiz
|
| 256 |
|
|
|a Servicio en ln̕ea
|
| 260 |
|
|
|a Madrid:
|b Dykinson,
|c 2021
|
| 300 |
|
|
|a 1 recurso electrn̤ico
|
| 500 |
|
|
|a La formacin̤ inicial del profesorado de las etapas de Infantil, Primaria y Secundaria est ̀exenta de una formacin̤ en Derechos Humanos, Democracia y Justicia social., ms̀ all ̀de la vivida en sus aǫs de alumnado en la interaccin̤ con docentes preocupados y concienciados con dicha capacitacin̤.
|
| 506 |
1 |
|
|a Disponible solo en los productos indicados
|d vLex Global
|d vLex Global (Academic Edition, excluding Law Schools)
|d vLex Global (U.S. Academic Edition, Law Schools)
|d vLex Global (U.S. Academic Edition, excluding Law Schools)
|d vLex Global (Academic Edition, Law Schools)
|
| 650 |
0 |
4 |
|a Educacin̤
|z Espaą
|
| 700 |
1 |
|
|a Arrazola Ruiz, Sara
|
| 740 |
0 |
|
|a vLex Libros (Servicio en ln̕ea)
|
| 856 |
4 |
0 |
|u https://app.vlex.com/#/sources/36503
|z Acceso restringido
|
| 942 |
|
|
|c BOOK
|
| 999 |
0 |
|
|a Education
|